Football français - Le Grand Quiz (EDF, joueurs, clubs...) - Statistiques

Statistiques générales
  • Ce quiz a été pris 529 fois
    204 depuis la dernière actualisation
  • Le résultat moyen est 34 sur 42
Statistiques - réponses
Thème Description Réponse % Correct
Coupe du monde 1998 Capitaine Didier Deschamps
99%
Coupe du monde 2018 Sélectionneur français Didier Deschamps
99%
Equipe de France Joueur le plus sélectionné Hugo Lloris
99%
Coupe du monde 2018 Capitaine Hugo Lloris
99%
Les français Ballon d'Or 2022 Karim Benzema
99%
Equipe de France Surnom de l'Equipe de France Les Bleus
99%
Championnat de France Nom de championnat Ligue 1
99%
Equipe de France Meilleur buteur en sélection Olivier Giroud
99%
Les français Ballon d'Or 2025 Ousmane Dembelé
99%
Championnat de France Club le plus titré Paris Saint-Germain
99%
Les français Ballon d'Or 1998 Zinédine Zidane
99%
Coupe du monde 1998 Adversaire en finale Brésil
98%
Equipe de France Compétition remportée en 2021 Ligue des nations
98%
Championnat de France Club ayant disputé le plus de saisons en première division Olympique de Marseille
98%
Coupe du monde 2018 Score en finale 4 - 2
97%
Coupe du monde 2018 Adversaire en finale Croatie
97%
Championnat de France Transfert record (222 millions € en 2017) Neymar
97%
Les français Ballon d'Or 1983, 1984 & 1985 Michel Platini
96%
Coupe du monde 2018 Pays organisateur Russie
96%
Joueurs emblématiques Meilleur buteur de l'histoire d'Arsenal Thierry Henry
96%
Coupe du monde 1998 Score en finale 0 - 3
95%
Equipe de France Victoires à l'Euro (années) 2000
93%
Coupe du monde 1998 Pays organisateur France
93%
Championnat de France Club étranger évoluant dans le championnat AS Monaco
91%
Joueurs emblématiques Le "Divin chauve" Fabien Barthez
87%
Championnat de France Adversaire de l'OM en finale de Ligue des Champions 1993 Milan AC
87%
Les français Ballon d'Or 1991 Jean-Pierre Papin
86%
Joueurs emblématiques Il détient le record de buts (13) sur une même Coupe du monde Just Fontaine
85%
Football féminin français Club le plus titré en championnat Olympique lyonnais
84%
Equipe de France Victoires à l'Euro (années) 1984
83%
Les français Ballon d'Or 1958 Raymond Kopa
82%
Joueurs emblématiques Il a disputé 84 matchs consécutifs (un record) avec l'Equipe de France Antoine Griezmann
70%
Joueurs emblématiques Défenseur franco-ghanéen passé par Nantes, Milan et Chelsea Marcel Desailly
66%
Coupe du monde 1998 Sélectionneur français Aimé Jacquet
63%
Football féminin français Meilleure buteuse en sélection Eugénie Le Sommer
61%
Championnat de France Premier club champion en 1932-1933 Olympique Lillois
40%
Football féminin français Premier club champion en 1974-1975 Stade de Reims
35%
Football féminin français Demi-finale de Coupe du monde (année ou pays organisateur) Allemagne / 2011
32%
Championnat de France Meilleur passeur Dimitri Payet
23%
Championnat de France Meilleur buteur Delio Onnis
17%
Championnat de France Plus d'apparitions Mickaël Landreau
16%
Football féminin français Joueuse la plus sélectionnée Sandrine Soubeyrand
3%
Aucun quiz correspondant
Distribution des résultats
% des personnes avec chaque résultat
Percentile par nombre de réponses
Votre historique - résultats
Vous n’avez pas pris ce quiz depuis la dernière actualisation